Od jara do jara /

Hlavní autor: Jelen, Josef, 1921-2006
Další autoři: Zábranský, Adolf, 1909-1981
Jazyk: Čeština
Vydáno: Praha : Albatros, 1978
Externí odkaz: Digitalizovaný dokument
Fyzický popis: [43] s. : il. ; 4°
Knihy
Uloženo v:
LEADER 00991nam a2200253 a 4500
001 000580169
003 CZ BrMZK
005 20260202094911.0
007 ta
008 011203s1978 xr a f cze d
015 |a cnb000419202 
035 |a (OCoLC)42163150 
040 |a BOA001  |b cze  |c BOA001 
100 1 |a Jelen, Josef,  |d 1921-2006  |7 jn19990009867  |4 aut 
245 1 0 |a Od jara do jara /  |c Josef Jelen ; il. Adolf Zábranský 
260 |a Praha :  |b Albatros,  |c 1978 
300 |a [43] s. :  |b il. ;  |c 4° 
521 1 |a Pro děti od 5 let 
700 1 |a Zábranský, Adolf,  |d 1909-1981  |7 jk01151856  |4 ill 
856 4 1 |u http://www.digitalniknihovna.cz/mzk/uuid/uuid:7bbb9300-ba4f-11e3-9d7d-005056827e51  |y Digitalizovaný dokument  |x NDK 
910 |a BOA001  |b PK-N-0019.902  |b 4-0800.644 
990 |a BK 
996 7 |b 3119688231  |c PK-N-0019.902  |l MZK  |r Sklad / do 1 hodiny  |n 1  |w 000580169  |u 000010  |a 1  |e BOA001  |j MZK50  |s A 
996 6 |b BC-1365902  |c 4-0800.644  |l MZK  |r Sklad / do 1 hodiny  |n 0  |w 000580169  |u 000020  |a 1  |e BOA001  |j MZK50  |s P